000 00868cam a2200301 a 4500
001 4471080
003 ARRUPE
005 20150313175139.0
008 900214s1989 txu b 000 0 eng d
010 _a81071768
020 _a0849902169 (vol. 17)
035 _a(OCoLC)20779486
035 _a(OCoLC)ocm20779486
035 _a(NNC)4471080
040 _aNNUT
_cNNUT
050 _aBS491.2
_bW67
100 1 _aClines, David J. A.
_915037
245 1 0 _a Job 1-20 /
_cDavid J.A. Clines.
260 _aDallas, Tex. :
_bWord Pub.,
_cc1989.
300 _acxv, 501 p. ;
_c24 cm.
490 1 _aWord biblical commentary ;
_vv. 17
504 _aBibliography: p. [lxiii]-cxv.
630 0 0 _aBible.
_pJob
_vCommentaries.
_914988
740 0 _aJob one through twenty.
830 0 _aWord biblical commentary ;
_vv. 17.
_915038
942 _2lcc
_cMONOGRAPH
999 _c122020
_d122020